Medieval Era Inventions - Statistics

General Stats
  • This quiz has been taken 280 times
  • The average score is 12 of 18
Answer Stats
Hint Where? Answer % Correct
Allowed the development of guns and cannons China Gunpowder
96%
Has a magnetized needle that points towards north China Compass
93%
Accessory for those with poor eyesight Italy Eyeglasses
93%
Celebratory explosive device made with the above China Fireworks
86%
Allowed mass production of literature China Movable Type
84%
Needed by sky divers and pilots Italy Parachute
83%
The concept of mathematical nothing India Zero
80%
Tile game whose name was co-opted by a pizza chain China Dominoes
76%
Useful for poker, hearts and war China Playing Cards
72%
Allows a rider to stand up in the saddle China Stirrups
71%
"Fine China" material China Porcelain
69%
Fuse-based explosive device China Bomb
65%
Bathroom hygiene necessity China Toilet Paper
54%
Incendiary weapon based on petroleum or naphtha Constantinople Greek Fire
51%
Princess Di advocated banning this weapon in Africa China Land Mine
43%
The Hagia Sophia had the first one Constantinople Pendentive Dome
41%
Boat commonly associated with the Mississippi River Rome Paddlewheeler
35%
Bookkeeping method developed by Luca Pacioli Florence Double Entry System
14%
No matching quizzes found
Score Distribution
Percent of People with Each Score
Percentile by Number Answered
Your Score History
You have not taken this quiz